<?xml version="1.0" encoding="UTF-8"?>
<marc:record xmlns:marc="http://www.loc.gov/MARC21/slim">
   <marc:leader>00000nam a2200000 a 4500</marc:leader>
   <marc:datafield ind1="1" ind2=" " tag="100">
      <marc:subfield code="a">Özkan, Serdar</marc:subfield>
      <marc:subfield code="4">aut</marc:subfield>
      <marc:subfield code="e">Verfasser/-in</marc:subfield>
   </marc:datafield>
   <marc:datafield ind1=" " ind2=" " tag="653">
      <marc:subfield code="a">Roman</marc:subfield>
   </marc:datafield>
   <marc:datafield ind1=" " ind2=" " tag="653">
      <marc:subfield code="a">Türkisch / Bilderbuch</marc:subfield>
   </marc:datafield>
   <marc:datafield ind1="0" ind2="0" tag="245">
      <marc:subfield code="a">Kay&amp;#305;p Gül 3 : A&amp;#351;k&amp;#305;n Resmi</marc:subfield>
   </marc:datafield>
   <marc:datafield ind1="0" ind2="0" tag="245">
      <marc:subfield code="c">Özkan, Serdar</marc:subfield>
   </marc:datafield>
   <marc:datafield ind1=" " ind2="1" tag="264">
      <marc:subfield code="c">2013</marc:subfield>
   </marc:datafield>
   <marc:datafield ind1="1" ind2=" " tag="520">
      <marc:subfield code="a">A&amp;#351;k&amp;#305;n resmini yapabilen var m&amp;#305;d&amp;#305;r? Otuz üç y&amp;#305;l u&amp;#287;ra&amp;#351;t&amp;#305;ktan sonra a&amp;#351;k&amp;#305;n resmini yapmay&amp;#305; ba&amp;#351;aran esrarengiz bir adam. Hayat&amp;#305; ve a&amp;#351;k&amp;#305; anlamaya dair kendi yolculu&amp;#287;una ç&amp;#305;kan genç ressam Mathias. &amp;#304;kisinin hikayesi, a&amp;#351;k&amp;#305;n sonsuz ve çözümsüz yolunda kesi&amp;#351;iyor. Kaliforniya&#x92;dan Yunan Adalar&amp;#305;&#x92;na, &amp;#304;stanbul&#x92;dan Efes&#x92;e uzanan, okuru, a&amp;#351;k&amp;#305;n ve dü&amp;#351;lerin büyülü dünyas&amp;#305;na ça&amp;#287;&amp;#305;ran, bir solukta okuyaca&amp;#287;&amp;#305;n&amp;#305;z s&amp;#305;ra d&amp;#305;&amp;#351;&amp;#305; bir serüven.</marc:subfield>
   </marc:datafield>
   <marc:datafield ind1=" " ind2=" " tag="020">
      <marc:subfield code="a">9786051422770</marc:subfield>
      <marc:subfield code="9">9786051422770</marc:subfield>
   </marc:datafield>
   <marc:datafield ind1=" " ind2=" " tag="020">
      <marc:subfield code="a">6051422773</marc:subfield>
      <marc:subfield code="9">6051422773</marc:subfield>
   </marc:datafield>
   <marc:datafield ind1=" " ind2=" " tag="338">
      <marc:subfield code="a">Band</marc:subfield>
   </marc:datafield>
   <marc:datafield ind1=" " ind2=" " tag="300">
      <marc:subfield code="a">189 S.</marc:subfield>
   </marc:datafield>
</marc:record>
